000 01114nam a2200313 i 4500
003 EG-GICUC
005 20260210195549.0
008 260210s1908 fr ||||fr|||| 000 0 fre d
040 _aEG-GiCUC
_bfre
_cEG-GiCUC
_dEG-GiCUC
_eRda
082 0 4 _221
_a341.1
_bBR . M
092 0 4 _221
099 _aLaw1 11 341.1 BR . M 1908
100 1 _aBraun,Thomas
_eAuteur
245 1 4 _aLes Marques De Fabrique Et De Commerce :
_bDroit Belge, Droit International Et Droit Comparé /
_cThomas Braun, Albert Capitaine ; Alexandre Braun.
_n
264 1 _aParis :
_bLibrairie Générale De Droit Et De Jurisprudence,
_c1908.
300 _a747page :
_billustration ;
_c 24 cm.
336 _2rda contenu
_a texte
337 _2rda medias
_aOrdinateur
338 _2 transporteur rda
_a Ressource en ligne
504 _a
546 _aTexte en français
650 1 4 _aDroit international public
_2
651 1 _2
700 1 _aCapitaine, Albert
_eCo-Auteur
700 1 _aBraun, Alexandre
_ePréfacier
856 4 0 _uhttps://fll.law.cu.edu.eg/fulltext/bks/B11-07585.pdf
905 _a50
942 _2ddc
_cBK
_e21
_n0
999 _c62493
_d62493